| 000 | 00483 a2200157 4500 | ||
|---|---|---|---|
| 005 | 20250621072809.0 | ||
| 020 | _a0-07-134415-2 | ||
| 082 | _aLM 621.381 GIB | ||
| 100 | _aGIBILISCO, S. | ||
| 245 | _aElectronics Portable Handbook | ||
| 250 | _a6th Ed. | ||
| 260 |
_aNew York, _bMac Graw Hill, _c1999. |
||
| 300 |
_axv,671p.: figure, table. _bBibliography & Index. _c21cm. |
||
| 856 |
_yAccess Online Book _fElectronics Portable Handbook _dwww.books.mcgraw-hilll.com |
||
| 942 |
_2ddc _cBKS |
||
| 999 |
_c3029 _d3029 |
||